Corporate finance : (Record no. 3462)
[ view plain ]
| 000 -LEADER | |
|---|---|
| fixed length control field | 01223nam a2200193 4500 |
| 020 ## - INTERNATIONAL STANDARD BOOK NUMBER | |
| ISBN | 9780273706441 |
| 050 ## - CALL NUMBER | |
| Classification number | HG4026 |
| Item number | .W375 |
| 100 ## - AUTHOR | |
| Personal name | Denzil Watson; |
| 245 ## - TITLE | |
| Title | Corporate finance : |
| Remainder of title | principles & practice |
| Statement of responsibility, etc | Denzil Watson; Antony Head |
| 250 ## - EDITION | |
| Edition statement | 4th ed |
| 260 ## - PUBLICATION INFORMATION | |
| Place of publication | Harlow : |
| Name of publisher | Financial Times Prentice Hall |
| Year of publication | 2007. |
| 300 ## - DESCRIPTION | |
| Number of Pages | XVII, 506 p. : |
| Other physical details | ill. ; |
| Dimensions | 25 cm |
| 500 ## - NOTES | |
| General note | 1st ed.: London : Pitman, 1998 |
| 505 ## - FORMATTED CONTENTS NOTE | |
| Table of Content | Preface and guided tour of the book 1 The finance function 2 Capital markets, market efficiency and ratio analysis 3 Short term finance: the management of working capital management 4 Long term finance: equity finance 5 Long term finance: debt finance, hybrid finance and leasing 6 An overview of investment appraisal methods 7 Investment appraisal: applications and risk 8 Portfolio theory and the capital asset pricing model 9 The cost of capital and capital structure 10 Dividend policy 11 Mergers and takeovers 12 Risk management 13 International investment decisions Glossary Appindix: Answers to end-of-chapter questions Index |
| 650 ## - SUBJECTS | |
| Topical Term | Corporations -- Finance. |
| General subdivision | Finance. |
| 650 ## - SUBJECTS | |
| Topical Term | Corporate Finance. |
| General subdivision | Finance. |
| 700 ## - OTHER AUTHORS | |
| Personal name | Antony Head |
| 942 ## - ADDED ENTRY ELEMENTS (KOHA) | |
| Koha item type | Books |
| Withdrawn status | Lost status | Collection code | Home library | Current library | Shelving location | Date acquired | Full call number | Accession Number | Koha item type |
|---|---|---|---|---|---|---|---|---|---|
| Reference | Methodist University Library Main | Methodist University Library Main | General Stacks | 30/03/2007 | HG4026 .W375 | 17677 | Books | ||
| Methodist University Library Main | Methodist University Library Main | General Stacks | 30/03/2007 | HG4026 .W375 | 17675 | Books | |||
| Reference | Methodist University Library Main | Methodist University Library Main | General Stacks | 30/03/2007 | HG4026 .W375 | 17674 | Books |